TV Debuts: 1991 Quiz Stats

Quiz Updated Apr 6, 2015

Also try: TV Debuts: 1992
Challenge
Share
Tweet
Score 0/15 Timer 06:00
1 Play Today
Hint Answer % Correct
Rugrats
93.3%
Home Improvement
92.7%
The Jerry Springer Show
90.4%
The Ren & Stimpy Show
79.1%
Doug
77.2%
Dinosaurs
68.2%
Darkwing Duck
59.5%
Clarissa Explains It All
52.9%
Hint Answer % Correct
Step by Step
49.2%
Where in the World is Carmen Sandiego?
39.1%
Salute Your Shorts
25.3%
The Red Green Show
23%
The Commish
21.5%
Sisters
21.3%
Rupert
19.8%

You're not logged in!

Compare scores with friends on all Sporcle quizzes.
Join for Free
OR
Log In

You Might Also Like...

Show Comments

Extras

Top Quizzes Today


Score Distribution

Your Account Isn't Verified!

In order to create a playlist on Sporcle, you need to verify the email address you used during registration. Go to your Sporcle Settings to finish the process.

Report this User

Report this user for behavior that violates our Community Guidelines.

Details: